000 01564nam a2200481 a 4500
003 AR-BaBNM
005 20251128210317.0
008 082120s2002 ||||||||||||||000 | spa||
020 _a987-9034-35-X
040 _cAR-BaBNM
245 0 0 _aDominó
_blibro guía 4 años de educación inicial
250 _a1ª ed.
260 _aBuenos Aires
_bEdebé
_c1996
300 _a144 p.
_bil., gráfs., tablas
500 _aAnexo 1: materiales para la evaluación inicial p. 75-96
500 _aAnexo 2: materiales para la evaluación formativa p. 97-104
500 _aAnexo 3: materiales para la evaluación final p. 104-128
500 _aAnexo 4: informe escolar p. 129- 134
500 _aAnexo 4: repertorio de canciones p. 135-144
521 _aINICIAL
650 4 _aDESARROLLO MOTOR
650 4 _aDESARROLLO COGNOSCITIVO
650 4 _aDESARROLLO DEL LENGUAJE
650 4 _aDESARROLLO MORAL
650 4 _aDESARROLLO DE LA PERSONALIDAD
650 4 _aDESARROLLO SOCIAL
650 4 _aJUEGOS EDUCATIVOS
650 4 _aEVALUACION FORMATIVA
650 4 _aEXPRESION ORAL
650 4 _aPLANIFICACION DEL PROGRAMA
650 4 _aUNIDADES DE ENSEÑANZA
653 _aEDUCACION INICIAL
653 _aEXPRESION CORPORAL
700 1 _aPolo, A.
_ecolaborador
700 1 _aAlbrós, N.
_ecolaborador
700 1 _aLorente, M.B.
_ecolaborador
700 1 _aColomé, M.A.
_ecolaborador
700 1 _aCarreño, J.
_ecolaborador
700 1 _aCasanovas, J.
_ecolaborador
700 1 _aVilaro, M.P.
_ecolaborador
942 _cBK
998 _cCarmen
999 _c14896
_d14896